Club Brugge, Gent, Genk or Anderlecht players (2000-) - Statistics

General Stats
  • This quiz has been taken 5 times
  • The average score is 66 of 1074
Answer Stats
Ranking Player Positions Nationality Matches Goals (assists) Periods Clubs % Correct
2 Hans Vanaken AM 367 102 (77) 2015-2025
100%
182 Moses Simon LW 89 16 (13) 2014-2018
100%
1 Olivier Deschacht CB 473 8 (22) 2001-2018
100%
3 Brandon Mechele CB 357 17 (9) 2013-2025
80%
9 Jelle Vossen ST 277 109 (35) 2006-2020
80%
701 Josué Sá CB 16 0 (0) 2017-2018
80%
25 Mats Rits DM 211 21 (17) 2018-2025
80%
13 Ruud Vormer CM 254 46 (73) 2014-2023
80%
8 Silvio Proto GK 280 0 (3) 2005-2006, 2009-2016
80%
5 Sven Kums CM 317 31 (37) 2014-2025
80%
4 Timmy Simons DM 334 42 (18) 2000-2004, 2013-2018
80%
946 Alpha Ba CB 3 0 (0) 2011-2012
60%
221 José Izquierdo LW 76 24 (11) 2014-2016, 2021-2022
60%
791 Lucas Hey CB 10 0 (0) 2024-2025
60%
204 Mathew Ryan GK 81 0 (0) 2013-2014, 2016-2017
60%
10 Philippe Clement CB 272 40 (11) 2000-2009
60%
15 Simon Mignolet GK 234 0 (1) 2019-2025
60%
37 Wesley Sonck ST 181 98 (35) 2000-2002, 2007-2010
60%
200 Abdoulay Diaby RW 83 24 (7) 2015-2017, 2020-2021
40%
288 Aleksandar Mitrović ST 63 30 (9) 2013-2015
40%
232 Bjorn Meijer LB 73 5 (9) 2022-2025
40%
44 Bojan Jorgacevic GK 171 0 (0) 2007-2013
40%
14 Bryan Heynen CM 251 29 (25) 2015-2025
40%
423 Christos Tzolis LW 40 9 (8) 2024-2025
40%
42 Clinton Mata CB 172 3 (13) 2017-2023
40%
87 Dany Verlinden GK 127 0 (0) 2000-2004
40%
177 Denis Odoi RB 90 2 (4) 2011-2012, 2021-2024
40%
325 Felipe Gedoz AM 55 8 (13) 2014-2017
40%
12 Gaëtan Englebert CM 266 22 (46) 2000-2008
40%
22 Gert Verheyen RW 220 85 (49) 2000-2006
40%
261 Jan Vertonghen CB 67 5 (2) 2022-2025
40%
465 Joaquin Seys LB 35 2 (0) 2024-2025
40%
342 Jorne Spileers CB 52 1 (2) 2022-2025
40%
72 Karel Geraerts CM 138 16 (15) 2000-2001, 2002-2003, 2007-2011
40%
18 Koen Daerden CM 227 32 (44) 2000-2006, 2008-2010
40%
391 Kyriani Sabbe RB 44 1 (5) 2022-2025
40%
28 Laurent Depoitre ST 201 57 (24) 2014-2016, 2019-2024
40%
230 Leandro Trossard LW 73 22 (9) 2016-2019
40%
19 Lior Refaelov AM 227 54 (51) 2011-2017, 2021-2023
40%
17 Lucas Biglia DM 228 13 (41) 2006-2013
40%
269 Luis Vázquez ST 66 15 (3) 2023-2025
40%
459 Matej Mitrovic CB 35 0 (1) 2017-2022
40%
38 Matías Suárez ST 177 48 (44) 2008-2016
40%
146 Matz Sels GK 102 0 (1) 2013-2015, 2017-2018
40%
309 Michal Skoras RW 58 1 (5) 2023-2025
40%
20 Moubarak Boussoufa AM 226 62 (93) 2004-2010, 2015-2016
40%
1012 Nathan De Cat CM 1 0 (0) 2024-2025
40%
283 Olivier Doll CB 64 0 (2) 2000-2004
40%
143 Pär Zetterberg AM 103 23 (28) 2003-2006
40%
21 Roland Juhász CB 225 21 (9) 2005-2013
40%
55 Siebe Schrijvers CM 155 27 (19) 2012-2021
40%
114 Stefan Mitrovic CB 114 3 (1) 2015-2017, 2023-2025
40%
173 Steven Defour DM 93 9 (21) 2004-2005, 2014-2017
40%
174 Théo Bongonda RW 91 29 (14) 2019-2022
40%
280 Théo Leoni CM 64 6 (8) 2022-2025
40%
6 Vadis Odjidja-Ofoe CM 313 34 (47) 2007-2014, 2018-2023
40%
99 Víctor Vázquez AM 120 12 (37) 2011-2016
40%
621 Abakar Sylla CB 23 1 (0) 2022-2023
20%
245 Ahmed Hassan AM 70 20 (10) 2006-2008
20%
88 Alejandro Pozuelo AM 125 19 (37) 2015-2019
20%
213 Aleksandar Ilić CB 80 4 (3) 2000-2004
20%
983 Alexandre De Bruyn AM 2 2 (0) 2020-2021
20%
397 Alexis Saelemaekers RW 43 2 (6) 2017-2020
20%
62 Alin Stoica AM 146 25 (20) 2000-2004, 2006-2008
20%
57 Ally Samatta ST 153 58 (11) 2015-2019, 2022-2023
20%
388 Amadou Diawara DM 44 1 (1) 2022-2024
20%
241 Anders Dreyer RW 71 24 (20) 2022-2025
20%
65 Andrés Mendoza ST 143 59 (35) 2000-2004
20%
222 Andrew Hjulsager AM 76 6 (9) 2021-2025
20%
98 Andy Nájar RB 120 8 (8) 2013-2019
20%
142 Anthony Limbombe LW 103 8 (15) 2010-2013, 2016-2018
20%
599 Antonio Milic CB 23 0 (2) 2018-2019
20%
292 Archie Brown LB 62 3 (7) 2023-2025
20%
709 Bart Buysse LB 16 0 (2) 2012-2013
20%
615 Bart Verbruggen GK 23 0 (0) 2022-2023
20%
394 Behrang Safari LB 43 0 (1) 2011-2013
20%
350 Bengt Sæternes ST 51 17 (10) 2002-2005
20%
95 Benito Raman ST 122 25 (13) 2011-2012, 2014-2015, 2021-2024
20%
33 Birger Maertens CB 192 1 (8) 2001-2008
20%
602 Blessing Kaku CM 23 0 (0) 2000-2001
20%
393 Boli Bolingoli LB 43 4 (1) 2013-2017
20%
161 Bosko Balaban ST 99 46 (12) 2004-2007
20%
41 Brecht Dejaegere CM 174 16 (24) 2013-2021
20%
813 Bryan Limbombe LW 9 0 (0) 2019-2021
20%
215 Bryan Ruiz AM 79 26 (19) 2006-2009
20%
490 Carlos Bacca ST 32 23 (5) 2011-2013
20%
883 Céderic Van Der Elst CM 5 0 (0) 2000-2001
20%
67 Cheikhou Kouyaté DM 142 2 (5) 2009-2014
20%
893 Cheik Tioté DM 5 0 (0) 2005-2007
20%
313 Christian Kabasele CB 58 6 (1) 2014-2016
20%
579 Christian Kouamé ST 25 8 (3) 2021-2022
20%
133 Christian Wilhelmsson RW 106 15 (23) 2003-2006
20%
294 Christopher Bonsu Baah LW 61 4 (6) 2023-2025
20%
312 Claudemir DM 58 3 (9) 2014-2017
20%
788 Cyle Larin ST 10 1 (0) 2022-2023
20%
925 Dalibor Veselinović ST 4 0 (1) 2010-2011
20%
125 Danijel Milicevic AM 109 23 (26) 2013-2018
20%
706 Dante Vanzeir ST 16 5 (1) 2016-2017, 2024-2025
20%
407 Davy De fauw RB 42 2 (1) 2014-2016
20%
659 Dedryck Boyata CB 20 0 (0) 2022-2024
20%
639 Eboue Kouassi DM 21 0 (0) 2019-2021
20%
123 Éder Balanta DM 112 5 (3) 2019-2024
20%
485 Edo Kayembe CM 33 0 (1) 2017-2021
20%
128 Eduard Sobol LB 107 4 (12) 2019-2024
20%
422 Elias Cobbaut CB 40 0 (3) 2018-2021
20%
51 Elyaniv Barda ST 160 51 (37) 2007-2013
20%
927 Emil Sterbal CB 4 0 (0) 2000-2001
20%
1057 Emir Kujovic ST 1 0 (0) 2016-2017
20%
196 Emmanuel Dennis ST 85 21 (10) 2017-2021
20%
777 Emmanuel Pirard RB 10 0 (1) 2000-2002
20%
457 Éric Joly CM 35 4 (10) 2000-2002
20%
812 Erik Berg CB 9 0 (0) 2015-2016
20%
334 Fabrice N'Sakala LB 53 1 (7) 2013-2017
20%
386 Federico Ricca CB 44 3 (1) 2019-2022
20%
713 Fernando DM 15 1 (0) 2014-2015
20%
110 Ferran Jutglà ST 116 34 (14) 2022-2025
20%
228 Filip De Wilde GK 74 0 (0) 2000-2003
20%
483 François Sterchele ST 33 12 (3) 2007-2008
20%
907 Fries Deschilder CM 4 0 (0) 2011-2012
20%
218 Geri Cipi CB 77 2 (2) 2000-2003
20%
337 Gilles De Bilde ST 52 15 (15) 2001-2003
20%
100 Glen De Boeck CB 120 6 (2) 2000-2005
20%
7 Guillaume Gillet DM 298 51 (37) 2006-2013, 2015-2016
20%
531 Gustaf Nilsson ST 29 10 (5) 2024-2025
20%
97 Hannu Tihinen CB 121 13 (0) 2002-2006
20%
56 Hans Cornelis RB 155 6 (17) 2001-2010
20%
640 Hernán Losada AM 21 1 (2) 2008-2009
20%
682 Hugo Siquet RB 18 2 (1) 2024-2025
20%
504 Idrissa Sylla ST 31 8 (1) 2015-2017
20%
358 Igor de Camargo ST 49 8 (4) 2001-2002, 2004-2005, 2015-2016
20%
257 Ivan Obradovic LB 68 1 (7) 2015-2019
20%
805 Jacob Bruun Larsen LW 9 0 (0) 2020-2021
20%
501 Jan-Carlo Simić CB 32 3 (1) 2024-2025
20%
382 Jan Koller ST 44 25 (14) 2000-2001
20%
500 Javier Portillo ST 32 11 (1) 2005-2006
20%
352 Jeanvion Yulu-Matondo ST 50 12 (1) 2004-2007
20%
484 Jérémy Doku LW 33 5 (7) 2018-2021
20%
481 Jérémy Perbet ST 33 13 (2) 2016-2017
20%
106 Jere Uronen LB 117 2 (10) 2015-2021
20%
49 Jeroen Simaeys CB 162 11 (6) 2007-2015
20%
759 Jim Larsen CB 12 0 (1) 2012-2013
20%
698 Jimmy De Jonghe LB 16 0 (1) 2011-2012
20%
27 Jonathan Blondel DM 204 10 (13) 2003-2014
20%
70 Jonathan Legear RW 141 25 (33) 2004-2005, 2006-2012
20%
945 Jordan Lukaku LB 3 0 (0) 2011-2012, 2013-2014
20%
686 Jordy Clasie DM 17 0 (2) 2017-2018
20%
363 Joris Kayembe LB 48 3 (3) 2023-2025
20%
84 Joseph Paintsil RW 130 30 (20) 2018-2019, 2021-2024
20%
324 Josh Cullen DM 55 0 (1) 2020-2022
20%
366 Josip Simic ST 48 7 (8) 2000-2001, 2003-2004
20%
590 Juha Reini CB 24 0 (2) 2000-2002
20%
198 Kanu ST 84 10 (15) 2008-2013
20%
59 Kara Mbodj CB 149 8 (7) 2012-2019
20%
721 Karlo Letica GK 15 0 (0) 2018-2019
20%
205 Kenny Thompson LB 81 2 (3) 2005-2006, 2008-2011
20%
111 Killian Sardella RB 115 0 (8) 2019-2025
20%
585 Konstantinos Karetsas AM 25 2 (2) 2024-2025
20%
251 Krépin Diatta RW 69 18 (8) 2018-2021
20%
349 Lamine Traoré CB 51 2 (1) 2000-2006
20%
116 Laurens De Bock LB 113 1 (5) 2012-2018
20%
635 Laurent Ciman CB 21 0 (0) 2008-2009
20%
731 Laurent Delorge RW 14 0 (1) 2005-2006
20%
901 Lex Immers AM 5 1 (0) 2016-2017
20%
421 Loïs Openda ST 40 1 (1) 2018-2020
20%
649 Lorenzo Staelens DM 20 3 (0) 2000-2001
20%
963 Lucas Lissens CB 3 0 (0) 2020-2021, 2022-2023
20%
351 Ludovic Butelle GK 50 0 (1) 2015-2018
20%
700 Luigi Pieroni ST 16 4 (4) 2007-2008, 2009-2010
20%
247 Lukasz Teodorczyk ST 69 35 (9) 2016-2018
20%
553 Mamadou Sylla ST 27 1 (5) 2017-2018, 2019-2020
20%
620 Mamoutou N'Diaye CM 23 2 (0) 2011-2013
20%
61 Marcin Wasilewski CB 147 21 (6) 2006-2013
20%
467 Marcin Zewlakow ST 34 4 (4) 2006-2008
20%
410 Marco Kana DM 42 1 (1) 2019-2024
20%
144 Mario Stroeykens AM 103 12 (12) 2020-2025
20%
214 Marvin Ogunjimi ST 79 23 (11) 2005-2006, 2008-2012
20%
452 Mathias Delorge CM 36 1 (3) 2024-2025
20%
209 Maxim De Cuyper LB 80 6 (14) 2019-2020, 2023-2025
20%
145 Maxime Lestienne RW 103 29 (22) 2009-2015
20%
266 Mémé Tchité ST 66 26 (14) 2006-2007, 2012-2014
20%
400 Michael Almebäck CB 43 0 (0) 2011-2013
20%
113 Michal Zewlakow CB 115 3 (8) 2002-2006
20%
472 Michel Vlap AM 34 11 (3) 2019-2021
20%
260 Mike Trésor LW 67 8 (28) 2021-2024
20%
626 Mo Dauda LW 22 1 (0) 2017-2018, 2020-2021
20%
896 Mohamed Habib N'Diaye LB 5 0 (0) 2006-2007
20%
275 Moumouni Dagano ST 65 36 (18) 2001-2003
20%
282 Moussa N'Diaye LB 64 1 (5) 2022-2025
20%
93 Nabil Dirar RB 123 15 (37) 2008-2011, 2020-2021
20%
92 Nastja Ceh AM 124 27 (32) 2001-2005
20%
670 Nathan Kabasele ST 18 2 (2) 2010-2011, 2014-2015, 2016-2017
20%
171 Nenad Jestrovic ST 94 62 (13) 2001-2006
20%
216 Nicolás Frutos ST 78 45 (10) 2005-2010
20%
645 Nikolas Sattlberger DM 21 1 (1) 2024-2025
20%
162 Noa Lang LW 99 30 (27) 2020-2023
20%
691 Nordin Jackers GK 17 0 (0) 2016-2018, 2023-2025
20%
578 Obbi Oulare ST 25 5 (3) 2014-2016
20%
797 Ode Thompson ST 9 0 (0) 2001-2002
20%
120 Paul Onuachu ST 113 74 (7) 2019-2023
20%
441 Percy Tau RW 37 7 (6) 2019-2021
20%
24 Peter Van der Heyden LB 212 10 (36) 2000-2004, 2009-2011
20%
154 Raphael Onyedika DM 101 3 (3) 2022-2025
20%
90 Renato Neto DM 124 13 (6) 2012-2016, 2018-2019
20%
235 Romelu Lukaku ST 73 34 (12) 2009-2012
20%
521 Romeo Vermant ST 30 3 (3) 2022-2025
20%
163 Ronald Vargas AM 99 27 (24) 2008-2014
20%
81 Rune Lange ST 131 61 (34) 2000-2006
20%
841 Samir Nasri AM 7 1 (0) 2019-2020
20%
208 Sander Berge DM 80 6 (4) 2016-2020
20%
868 Sander Coopman CM 6 0 (1) 2014-2016
20%
344 Sasa Gajser LM 51 2 (6) 2000-2002
20%
672 Saulo Decarli CB 18 1 (0) 2017-2019
20%
637 Sofyan Amrabat DM 21 1 (0) 2018-2020
20%
638 Stallone Limbombe RW 21 4 (7) 2018-2019
20%
91 Sven Vermant CM 124 20 (25) 2000-2001, 2005-2008
20%
340 Tajon Buchanan RM, RW 52 3 (12) 2021-2024
20%
711 Taylor Harwood-Bellis CB 16 0 (2) 2021-2022
20%
503 Thibaut Courtois GK 31 0 (0) 2008-2009, 2010-2011
20%
11 Thomas Buffel RW 267 38 (46) 2009-2018
20%
60 Thomas Foket RB 148 3 (14) 2012-2013, 2014-2018, 2024-2025
20%
76 Thomas Meunier RB 134 16 (13) 2011-2016
20%
926 Thomas Van den Keybus CM 4 0 (0) 2020-2021
20%
466 Thorgan Hazard AM, LW 34 6 (8) 2023-2025
20%
981 Timothy Dreesen CB 2 0 (0) 2006-2007
20%
253 Tolu Arokodare ST 69 26 (10) 2022-2025
20%
395 Tomasz Radzinski ST 43 28 (12) 2000-2001
20%
45 Tom De Sutter ST 171 57 (16) 2008-2016
20%
229 Tomislav Butina GK 74 0 (0) 2003-2006
20%
684 Tristan Degreef RW 18 1 (0) 2023-2025
20%
159 Vincent Kompany CB 100 7 (9) 2003-2005, 2019-2020
20%
305 Vital Borkelmans LB 58 2 (9) 2000-2002
20%
535 Vladan Kujovic GK 29 0 (0) 2011-2012, 2014-2015
20%
919 Vladimir Gabulov GK 4 0 (0) 2017-2018
20%
170 Wesley Moraes ST 94 22 (13) 2015-2018, 2021-2022
20%
48 Yari Verschaeren AM 167 24 (26) 2018-2025
20%
341 Yira Sor LW 52 9 (5) 2022-2025
20%
34 Yves Vanderhaeghe DM 189 10 (10) 2000-2007
20%
418 Zakaria El Ouahdi RB 41 3 (3) 2023-2025
20%
219 Zeno Debast CB 77 0 (1) 2021-2024
20%
786 Aaron Leya Iseka ST 10 0 (0) 2014-2016
0%
518 Aaron Mokoena CB 30 0 (0) 2003-2005
0%
875 Abdelmalek Cherrad ST 6 2 (1) 2004-2005
0%
1017 Abdoul Ayinde LB 1 0 (0) 2023-2024
0%
968 Abdulrazak Ekpoki ST 3 0 (0) 2008-2009
0%
1001 Abel Masuero CB 2 0 (0) 2011-2012
0%
873 Aboubakary Koita LW 6 0 (1) 2018-2019
0%
643 Adam Nemec ST 21 4 (2) 2008-2009
0%
244 Adékambi Olufadé RW 70 33 (16) 2006-2010
0%
879 Adewale Oladoye DM 6 0 (0) 2021-2022
0%
847 Admir Haznadar LW 7 1 (0) 2007-2008
0%
495 Adnan Custovic RW 32 9 (7) 2008-2011
0%
567 Adriano Duarte CB 26 0 (1) 2008-2011
0%
185 Adrien Trébel CM 88 5 (14) 2016-2020, 2022-2023
0%
810 Adryelson CB 9 1 (0) 2024-2025
0%
970 Ahmed Abdullahi ST 2 0 (0) 2023-2025
0%
1056 Ahmed Mostafa AM 1 0 (0) 2018-2019
0%
683 Ahmed Salah Hosny ST 18 4 (3) 2001-2003
0%
992 Ahmed Touba CB 2 0 (0) 2017-2018
0%
966 Aimé Omgba AM 3 1 (0) 2024-2025
0%
117 Akram Roumani LB 113 2 (5) 2000-2004
0%
286 Albert Sambi Lokonga CM 63 3 (5) 2017-2021
0%
1032 Albian Muzaqi ST 1 0 (0) 2013-2014
0%
565 Aldo Olcese CM 26 4 (2) 2000-2002
0%
675 Aleksandar Cavric ST 18 0 (0) 2014-2016
0%
540 Aleksandar Mutavdzic LB 28 0 (0) 2007-2009
0%
78 Alessio Castro-Montes RM 134 13 (14) 2019-2024
0%
827 Alexander Büttner LB 8 1 (2) 2015-2016
0%
889 Alexander Scholz CB 5 0 (0) 2017-2019
0%
802 Alexander Sørloth ST 9 3 (1) 2018-2019
0%
858 Alexandre Di Gregorio RW 6 3 (1) 2000-2001
0%
1051 Alexandre Jansen da Silva CB 1 0 (0) 2007-2008
0%
939 Alexandre Martinovic GK 3 0 (0) 2006-2008
0%
188 Alexandros Kaklamanos ST 87 40 (23) 2000-2003
0%
347 Alexandru Chipciu LB 51 4 (12) 2016-2018
0%
355 Alex da Silva AM 50 3 (8) 2006-2009
0%
743 Alexis Flips AM 13 0 (0) 2023-2025
0%
629 Alieu Fadera LW 22 3 (4) 2023-2025
0%
933 Ali Lukunku ST 4 0 (0) 2004-2005
0%
817 Ali Maamar RB 9 0 (0) 2024-2025
0%
596 Aliyu Datti ST 23 2 (1) 2005-2006
0%
815 Almir Sulejmanovic CB 9 0 (1) 2002-2003
0%
971 Amando Lapage CB 2 0 (0) 2024-2025
0%
744 Amine Khammas LB 13 0 (0) 2017-2018
0%
838 Aminu Sani CM 7 0 (0) 2000-2002
0%
132 Amir Murillo RB 106 11 (13) 2019-2023
0%
856 Anatoliy Gerk AM 7 0 (2) 2004-2005
0%
1007 Anders Christiansen CM 2 0 (0) 2017-2018
0%
541 Anders Møller Christensen CB 28 3 (2) 2000-2002
0%
538 Anders Nielsen ST 28 10 (5) 2000-2002
0%
267 Anderson Esiti DM 66 0 (0) 2016-2019
0%
516 Anderson Niangbo AM 30 4 (1) 2019-2021
0%
557 Andi Zeqiri ST 27 6 (0) 2023-2025
0%
681 András Németh ST 18 2 (1) 2021-2023
0%
206 Andreas Hanche-Olsen CB 81 2 (1) 2020-2023
0%
169 Andreas Skov Olsen RW 95 35 (22) 2021-2025
0%
475 Andri Gudjohnsen ST 34 4 (2) 2024-2025
0%
782 Andy Kawaya LW 10 0 (1) 2014-2016
0%
31 Anele Ngcongca RB 193 5 (8) 2007-2016
0%
311 Angelo Preciado RB 58 0 (5) 2020-2024
0%
239 Anouar Ait El Hadj AM 72 8 (0) 2019-2024
0%
761 Ante Puljic CB 12 1 (0) 2013-2015
0%
54 Anthony Vanden Borre RB 156 7 (18) 2003-2006, 2010-2016
0%
758 Antoine Colassin ST 12 3 (0) 2019-2020, 2023-2024
0%
220 Antolín Alcaraz CB 76 6 (4) 2007-2010
0%
322 Antonio Nusa LW 56 6 (5) 2021-2025
0%
450 Ardon Jashari DM 36 2 (4) 2024-2025
0%
632 Arnaud Souquet RB 21 0 (2) 2018-2019
0%
723 Arnaut Danjuma LW 15 5 (3) 2018-2020
0%
680 Arnold Kruiswijk CB 18 0 (0) 2008-2010
0%
52 Aruna Dindane CF 160 57 (42) 2000-2005
0%
486 Atsuki Ito CM 33 2 (1) 2024-2025
0%
526 Ayub Masika LW 29 0 (3) 2011-2015
0%
519 Aziz Ouattara DM 30 2 (0) 2021-2024
0%
474 Bakary Bouba Saré CM 34 0 (1) 2007-2010
0%
268 Balázs Tóth DM 66 8 (2) 2007-2010
0%
728 Barak Itzhaki ST 15 3 (3) 2007-2008
0%
50 Bart Goor LM 162 22 (22) 2000-2001, 2005-2009
0%
778 Bart Goossens RB 10 0 (0) 2003-2004
0%
955 Bart Vlaeminck AM 3 0 (0) 2004-2005
0%
401 Bas Dost ST 43 20 (2) 2020-2022
0%
608 Bastien Toma CM 23 1 (1) 2020-2022
0%
909 Bedi Mbenza DM 4 0 (0) 2011-2013
0%
271 Benjamin De Ceulaer ST 65 12 (8) 2012-2015
0%
994 Benjamin Lutun RM 2 0 (0) 2006-2007
0%
980 Benjamin Marechal AM 2 0 (0) 2004-2005
0%
897 Benjamin Nygren RW 5 1 (0) 2019-2021
0%
201 Bennard Kumordzi DM 83 6 (2) 2012-2017
0%
276 Benoît Poulain CB 65 2 (0) 2015-2019
0%
768 Benson Manuel RW 11 0 (0) 2017-2018, 2019-2020
0%
23 Bernd Thijs DM 217 60 (14) 2000-2003, 2007-2013
0%
631 Bernt Evens LB 21 0 (0) 2008-2009
0%
129 Bertrand Crasson RB 106 5 (9) 2000-2003
0%
82 Besnik Hasi DM 131 2 (13) 2000-2006
0%
1011 Bi Abdoul Kader Yameogo CB 1 0 (0) 2023-2024
0%
263 Bilal El Khannouss AM 67 4 (12) 2022-2025
0%
881 Birger Van de Ven LB 6 0 (0) 2001-2002
0%
331 Birger Verstraete DM 53 5 (3) 2012-2013, 2016-2019
0%
839 Björn De Coninck LB 7 1 (2) 2004-2005
0%
298 Björn Engels CB 60 11 (5) 2012-2018
0%
403 Björn Vleminckx ST 42 11 (5) 2011-2013
0%
717 Blessing Chinedu Anyanwu CB 15 0 (0) 2005-2006
0%
652 Boban Grncarov CB 20 3 (0) 2007-2008
0%
611 Bob Peeters ST 23 9 (2) 2005-2006
0%
506 Bogdan Mykhaylichenko LB 31 1 (1) 2020-2022
0%
493 Bojan Nastic LM 32 0 (1) 2016-2019
0%
1023 Boris Marolt RB 1 0 (0) 2003-2004
0%
967 Bram Lagae CB 3 0 (0) 2023-2024
0%
140 Bram Nuytinck CB 103 2 (2) 2012-2017
0%
944 Bram Oostvogels CM 3 0 (1) 2003-2004
0%
1039 Brandon Baiye DM 1 0 (0) 2018-2019
0%
677 Bratislav Ristic RW 18 0 (1) 2000-2003
0%
510 Brecht Capon RB 31 1 (1) 2006-2009
0%
842 Brecht Verbrugghe DM 7 0 (0) 2000-2003
0%
816 Brian Agbor CB 9 0 (0) 2022-2024
0%
451 Brian Hämäläinen LB 36 0 (4) 2012-2016
0%
71 Brian Priske RB 140 1 (14) 2003-2008
0%
345 Bruno Godeau CB 51 1 (1) 2019-2023
0%
718 Bubacarr Sanneh CB 15 1 (0) 2018-2019
0%
720 Carel Eiting CM 15 0 (1) 2021-2022
0%
102 Carl Hoefkens RB 118 3 (9) 2009-2013
0%
66 Carlos Cuesta CB 142 3 (1) 2019-2025
0%
742 Carlos Diogo RB 13 2 (0) 2013-2014
0%
577 Casper De Norre DM 25 0 (0) 2018-2020
0%
172 Casper Nielsen CM 93 11 (3) 2022-2025
0%
995 Cederick Van Daele LB 2 0 (0) 2022-2023
0%
821 Cédric Carrez CB 8 0 (0) 2000-2002
0%
502 Cédric Roussel ST 31 14 (3) 2003-2004
0%
296 César Arzo CB 61 4 (1) 2010-2014
0%
771 César Huerta LW 11 2 (2) 2024-2025
0%
316 Chancel Mbemba CB 56 7 (1) 2013-2015
0%
165 Charles De Ketelaere AM 97 20 (15) 2019-2022
0%
437 Chemsdine Talbi RW 38 7 (4) 2022-2025
0%
1008 Chris Mavinga CB 2 0 (0) 2010-2011
0%
443 Christian Benteke ST 37 14 (6) 2007-2008, 2011-2013
0%
364 Christian Brüls AM 48 3 (18) 2011-2013
0%
796 Christophe Diandy DM 9 0 (0) 2009-2011
0%
203 Christophe Grégoire LM 82 18 (17) 2004-2008
0%
190 Christophe Grondin DM 87 1 (4) 2007-2011
0%
1036 Christophe Janssens LB 1 0 (0) 2016-2017
0%
191 Christophe Lepoint CM 87 7 (6) 2009-2010, 2012-2015
0%
760 Christopher Operi LB 12 0 (1) 2021-2022
0%
597 Chris Van Geem CB 23 0 (1) 2000-2001
0%
729 Cisse Sandra AM 15 1 (0) 2021-2023
0%
748 Clayton Zane ST 13 2 (0) 2002-2004
0%
255 Colin Coosemans GK 68 0 (0) 2010-2011, 2018-2020, 2024-2025
0%
1038 Cor Gillis CB 1 0 (0) 2007-2008
0%
870 Cristian Leiva DM 6 0 (1) 2006-2007
0%
357 Cyriac LW 50 5 (5) 2013-2015
0%
471 Cyriel Dessers ST 34 7 (4) 2020-2023
0%
924 Cyril Ngonge RW 4 0 (0) 2018-2019
0%
734 Cyril Théréau ST 14 2 (1) 2007-2008
0%
750 Daan Vaesen DM 12 0 (0) 2003-2005
0%
530 Daan Van Gijseghem CB 29 0 (0) 2009-2012
0%
850 Daisuke Yokota RW 7 1 (1) 2023-2025
0%
876 Damien Marcq CB 6 0 (1) 2017-2018
0%
408 Damir Mirvic CB 42 0 (1) 2004-2007
0%
435 Daniel Chávez ST 38 7 (1) 2006-2010
0%
112 Daniel Muñoz RB 115 15 (17) 2020-2024
0%
772 Daniel Pérez ST 11 1 (0) 2020-2022
0%
126 Daniel Pudil LB 109 4 (11) 2008-2012
0%
780 Daniel Schmidt GK 10 0 (0) 2023-2025
0%
119 Dániel Tőzsér CM 113 14 (21) 2008-2012
0%
39 Daniel Zitka GK 177 0 (0) 2002-2009
0%
489 Dani Fernández RB 32 0 (5) 2012-2013
0%
183 Danny Vukovic GK 89 0 (1) 2017-2021
0%
194 Dario Smoje CB 85 4 (0) 2004-2009
0%
508 Darko Anic CM 31 2 (8) 2001-2003
0%
977 Darko Bjedov ST 2 0 (0) 2016-2017
0%
527 Darko Lemajic ST 29 5 (1) 2021-2023
0%
1045 Davide D'Angelo AM 1 0 (0) 2000-2001
0%
127 David Hubert DM 109 2 (3) 2007-2014
0%
310 David Okereke ST 58 13 (3) 2019-2022
0%
478 David Paas ST 33 8 (1) 2000-2002
0%
592 David Pollet ST 24 4 (2) 2013-2015
0%
290 David Rozehnal CB 63 1 (1) 2003-2005
0%
272 David Van Hoyweghen CB 65 3 (2) 2002-2005
0%
409 Davino Verhulst GK 42 0 (0) 2007-2010
0%
199 Davy De Beule RM 83 9 (3) 2004-2009
0%
818 Davy Oyen LB 9 1 (0) 2000-2002
0%
118 Davy Roef GK 113 0 (0) 2013-2014, 2016-2017, 2020-2025
0%
425 Davy Schollen GK 39 0 (0) 2002-2003, 2006-2009
0%
524 Davy Theunis DM 29 0 (0) 2003-2004
0%
755 Deiver Machado LB 12 0 (1) 2017-2018
0%
894 Dejan Joveljić ST 5 1 (1) 2019-2020
0%
528 Dejan Nemec GK 29 0 (0) 2000-2002
0%
650 Demy de Zeeuw CM 20 2 (2) 2012-2014
0%
303 Dennis Appiah RB 58 0 (7) 2016-2019
0%
83 Dennis Praet CM 130 15 (27) 2011-2017
0%
564 Derrick Luckassen CB 26 0 (0) 2019-2021
0%
150 Derrick Tshimanga CB 102 2 (6) 2011-2016
0%
438 Didier Dheedene LB 38 6 (6) 2000-2001
0%
77 Didier Zokora DM 134 2 (3) 2000-2004
0%
654 Diego Capel LW 20 2 (4) 2016-2017
0%
840 Dieter Dever CB 7 0 (1) 2002-2004
0%
690 Dieter Van Tornhout ST 17 3 (1) 2003-2006
0%
1054 Dieter Wittesaele ST 1 0 (0) 2007-2008
0%
319 Dieumerci Mbokani ST 56 34 (6) 2006-2007, 2011-2013
0%
264 Dieumerci Ndongala RW 66 7 (6) 2016-2020
0%
464 Dimitri Daeseleire RB 35 0 (0) 2007-2011
0%
749 Dimitri De Condé CM 12 1 (2) 2004-2005
0%
669 Dino Arslanagic CB 18 0 (0) 2020-2021
0%
231 Dion Cools RB 73 7 (5) 2015-2020
0%
399 Djima Oyawolé ST 43 18 (8) 2001-2003
0%
359 Djordje Svetlicic RB 49 1 (0) 2006-2008
0%
779 Dmitriy Bulykin ST 10 3 (0) 2008-2009
0%
719 Dodi Lukébakio RW 15 1 (2) 2015-2016
0%
1021 Domenico Olivieri DF 1 0 (0) 2000-2001
0%
141 Dominic Foley ST 103 29 (15) 2005-2009
0%
308 Dorge Kouemaha ST 58 21 (8) 2009-2011
0%
866 Dorin Rotariu RW 6 0 (0) 2016-2017
0%
914 Dries Bernaert RM 4 0 (0) 2002-2003
0%
416 Dries Wouters CB 41 1 (2) 2016-2021
0%
321 Dugary Ndabashinze RW 56 3 (10) 2007-2012
0%
543 Dusan Djokic ST 28 4 (3) 2007-2009
0%
361 Dylan Bronn CB 49 9 (0) 2017-2020
0%
829 Dylan Mbayo RW 8 0 (0) 2019-2021
0%
439 Ebou Sillah LW 37 6 (6) 2000-2002
0%
814 Ederson Tormena DM 9 0 (0) 2008-2009
0%
573 Edin Ramcic CB 25 0 (0) 2000-2002
0%
664 Edon Zhegrova RW 19 2 (2) 2017-2019
0%
1025 Édson Montaño ST 1 0 (0) 2010-2011
0%
545 Eidur Gudjohnsen ST 28 4 (2) 2012-2014
0%
1044 Elias Sierra CM 1 0 (0) 2020-2021
0%
227 Elimane Coulibaly ST 75 22 (8) 2009-2013
0%
157 Elisha Owusu DM 100 0 (0) 2019-2023
0%
300 Elrio van Heerden AM 59 1 (6) 2005-2009
0%
973 Elyess Dao ST 2 0 (0) 2024-2025
0%
735 Emmanuel Sowah Adjei RB 14 0 (0) 2016-2018
0%
754 Enes Ünal ST 12 1 (0) 2015-2016
0%
891 Enis Gavazaj LW 5 0 (1) 2013-2014
0%
765 Enoch Kofi Adu DM 12 0 (0) 2012-2014
0%
787 Erdinc Kurtulus RB 10 0 (0) 2004-2005
0%
47 Eric Matoukou CB 170 6 (1) 2003-2011
0%
989 Eric Smith CB 2 0 (0) 2018-2019
0%
921 Erik van der Ven LM 4 1 (0) 2003-2004
0%
384 Erlend Hanstveit LB 44 0 (2) 2008-2011
0%
811 Ernest N'For ST 9 1 (3) 2005-2006, 2008-2009
0%
948 Ersin Mehmedovic CB 3 0 (1) 2002-2003, 2004-2005
0%
986 Ervin Fakaj CB 2 0 (0) 2001-2002
0%
610 Ervin Zukanovic CB 23 1 (1) 2012-2014
0%
428 Ethan Horvath GK 39 0 (0) 2017-2021
0%
147 Fabien Camus AM 102 10 (24) 2009-2014
0%
570 Fábio Silva ST 26 8 (2) 2022-2023
0%
790 Fabrice Ehret LB 10 0 (1) 2004-2006
0%
826 Faitout Maouassa LB 8 0 (0) 2021-2022
0%
134 Faris Haroun CM 105 16 (10) 2003-2008
0%
932 Federico Gattoni CB 4 0 (0) 2023-2024
0%
427 Fernando Canesin AM 39 1 (7) 2011-2013
0%
794 Filip Djuricic AM 10 0 (1) 2015-2016
0%
32 Francis Amuzu LW 192 21 (22) 2017-2025
0%
747 Francisco Silva DM 13 0 (1) 2014-2015
0%
487 Franck Surdez LW 33 3 (5) 2023-2025
0%
104 Frank Acheampong LW 118 18 (12) 2013-2017
0%
278 Frank Boeckx GK 64 0 (0) 2008-2009, 2010-2013, 2016-2019
0%
593 Franko Andrijasevic AM 23 2 (2) 2017-2019
0%
16 Frédéric Herpoel GK 229 1 (0) 2000-2007
0%
884 Frédéric Pierre ST 5 1 (1) 2000-2001
0%
633 Fredrik Stenman CB 21 0 (4) 2011-2013
0%
861 Fritz Emeran RB 6 0 (0) 2000-2001
0%
583 Gabriel N'Galula DM 25 1 (1) 2001-2005
0%
265 Gaby Mudingayi DM 66 0 (2) 2000-2004
0%
604 Gaëtan Coucke GK 23 0 (1) 2019-2020
0%
663 Geert De Vlieger GK 19 0 (0) 2008-2011
0%
149 Gerardo Arteaga LB 102 3 (10) 2020-2024
0%
1006 Germán Mera CB 2 0 (0) 2017-2018
0%
398 Gert Claessens LM 43 3 (1) 2003-2007
0%
546 Gertjan De Mets DM 28 0 (0) 2006-2010
0%
795 Gianni Bruno ST 10 1 (0) 2021-2022
0%
430 Gift Orban ST 38 22 (2) 2022-2024
0%
832 Gilles De Meyer RB 7 1 (0) 2024-2025
0%
641 Gil Vermouth RM 21 1 (1) 2007-2008
0%
1033 Giorgi Beridze LW 1 0 (0) 2019-2020
0%
318 Giorgi Chakvetadze AM 56 5 (9) 2017-2022
0%
469 Giorgi Kvilitaia ST 34 4 (5) 2018-2020
0%
785 Glenn Verbauwhede GK 10 0 (0) 2006-2008
0%
548 Glynor Plet ST 28 11 (3) 2012-2013
0%
328 Gonzague Vandooren LB 54 4 (1) 2005-2008
0%
432 Goran Ljubojevic ST 38 12 (3) 2006-2009
0%
343 Goran Lovre CM 52 5 (5) 2001-2006
0%
561 Gregory Dufer RW 26 2 (3) 2005-2007
0%
745 Grégory Pujol ST 13 4 (3) 2005-2006
0%
908 Guillaume Hubert GK 4 0 (0) 2017-2018
0%
898 Guillermo Molins ST 5 0 (0) 2011-2013
0%
798 Gunter Van Handenhoven LW 9 0 (0) 2002-2003
0%
233 Gunther Schepens AM 73 20 (17) 2000-2003
0%
544 Gunther Vanaudenaerde RB 28 0 (0) 2005-2006
0%
1027 Gustav Wikheim LW 1 0 (0) 2015-2016
0%
757 Habib Habibou ST 12 5 (1) 2013-2015
0%
426 Hamad Ndikumana RB 39 2 (5) 2002-2005
0%
613 Hamdi Harbaoui ST 23 4 (0) 2016-2018
0%
353 Hannes Delcroix CB 50 0 (0) 2018-2019, 2020-2024
0%
167 Hannes Van Der Bruggen DM 96 5 (12) 2011-2017
0%
419 Hans Leenders CB 40 1 (0) 2000-2004
0%
953 Haris Hajradinovic AM 3 0 (0) 2014-2015
0%
1026 Hatem Abd Elhamed CB 1 0 (0) 2015-2016
0%
801 Helibelton Palacios RB 9 0 (0) 2016-2018
0%
746 Hélio Varela LW 13 0 (1) 2024-2025
0%
103 Hendrik Van Crombrugge GK 118 0 (0) 2019-2025
0%
580 Henry Onyekuru LW 25 9 (0) 2017-2018
0%
390 Hervé Kage LW 44 7 (4) 2012-2015
0%
1031 Holly Tshimanga LW 1 0 (0) 2016-2017
0%
1040 Hotman El Kababri RB 1 0 (0) 2019-2020
0%
249 Hugo Cuypers ST 69 35 (8) 2022-2024
0%
646 Hugo Gambor CB 21 1 (0) 2024-2025
0%
258 Hugo Vetlesen CM 68 3 (5) 2023-2025
0%
558 Hyeon-gyu Oh ST 27 7 (2) 2024-2025
0%
837 Hyllarion Goore ST 7 0 (0) 2024-2025
0%
242 Hyun-seok Hong AM 71 10 (14) 2022-2025
0%
662 Ianis Hagi AM 19 3 (4) 2019-2020
0%
1004 Ibrahima Cissé CB 2 0 (0) 2021-2022
0%
181 Ibrahima Conté AM 89 7 (7) 2009-2012, 2014-2016
0%
246 Ibrahima Faye CB 69 0 (4) 2001-2004
0%
601 Ibrahima Seck DM 23 0 (0) 2017-2019
0%
572 Ibrahima Sory Bangoura DM 25 0 (0) 2024-2025
0%
852 Ibrahim Rabiu CM 7 0 (0) 2016-2017
0%
685 Ibrahim Salah LW 18 3 (1) 2022-2023
0%
330 Ibrahim Salou ST 53 6 (2) 2006-2008
0%
962 Idrissa Doumbia DM 3 0 (0) 2016-2017
0%
569 Ignace Van der Brempt RB 26 1 (2) 2019-2022
0%
551 Igor Lolo RB 27 0 (1) 2007-2008
0%
277 Igor Plastun CB 65 3 (3) 2018-2021
0%
453 Igor Thiago ST 36 21 (3) 2023-2024
0%
517 Igor Tomasic CB 30 0 (0) 2002-2003
0%
605 Iké Ugbo ST 23 4 (0) 2021-2022
0%
155 Ilombe Mboyo ST 101 34 (15) 2010-2014, 2021-2022
0%
575 Imoh Ezekiel ST 25 2 (3) 2015-2016
0%
217 Indridi Sigurdsson CB 77 2 (4) 2003-2006
0%
529 Isaac Kiese Thelin ST 29 2 (1) 2016-2017, 2019-2020, 2021-2022
0%
935 Ishaq Abdulrazak RM 4 0 (0) 2022-2023
0%
703 Islam Slimani ST 16 9 (1) 2022-2023
0%
476 Ismaël Kandouss CB 34 1 (0) 2023-2025
0%
956 Istvan Bakx AM 3 0 (0) 2009-2010
0%
714 István Brockhauser GK 15 0 (0) 2000-2002
0%
301 Ivan Bosnjak CF 59 9 (3) 2006-2009
0%
862 Ivan Fiolic AM 6 0 (0) 2018-2019
0%
207 Ivan Gvozdenovic CB 81 4 (2) 2003-2007
0%
115 Ivan Leko AM 114 21 (25) 2005-2009
0%
281 Ivan Perišić LW 64 26 (16) 2009-2011
0%
534 Ivan Santini ST 29 14 (1) 2018-2019
0%
828 Ivan Tomecak RB 8 1 (0) 2017-2019
0%
704 Ivan Trickovski CF 16 2 (0) 2012-2013
0%
550 Ivica Jarakovic ST 27 7 (3) 2003-2005
0%
234 Ivica Mornar ST 73 27 (20) 2001-2004
0%
509 Jack Hendry CB 31 0 (1) 2021-2023
0%
96 Jacky Peeters RB 121 3 (12) 2000-2005
0%
676 Jacob Rinne GK 18 0 (0) 2016-2018
0%
803 Jajá ST 9 1 (1) 2006-2007
0%
413 Jakub Brabec CB 41 2 (0) 2016-2018
0%
770 Jakub Piotrowski CM 11 1 (0) 2018-2020
0%
636 James Lawrence CB 21 0 (0) 2018-2019
0%
582 Jan Lecjaks LB 25 0 (3) 2010-2011
0%
30 Jan Moons GK 196 1 (0) 2000-2006
0%
906 Jannes Vansteenkiste LB 4 0 (0) 2011-2012
0%
186 Jan Polák DM 88 7 (7) 2007-2011
0%
737 Jan Van Steenberghe GK 14 0 (0) 2004-2005
0%
920 Jari Vandeputte LW 4 0 (1) 2013-2014
0%
520 Jarne Steuckers RW 30 8 (7) 2024-2025
0%
952 Jarne Vrijsen LB 3 0 (0) 2014-2015
0%
533 Jason Vandelannoite RB 29 0 (0) 2005-2007
0%
999 Jay-Dee Geusens CM 2 0 (0) 2021-2023
0%
950 Jean-Charles Castelletto CB 3 0 (0) 2015-2016
0%
899 Jean-Jacques Domoraud RB 5 0 (0) 2006-2007
0%
556 Jean-Luc Dompé LW 27 1 (7) 2018-2020
0%
753 Jean-Paul Boëtius AM 12 1 (2) 2016-2017
0%
317 Jean-Philippe Caillet CB 56 2 (0) 2006-2009
0%
105 Jelle Van Damme CB 118 13 (19) 2006-2010
0%
609 Jens Petter Hauge LW 23 0 (2) 2022-2023
0%
965 Jérémy Taravel CB 3 0 (0) 2016-2017
0%
699 Jérôme Brocard RM 16 3 (1) 2000-2001
0%
697 Jérôme Lempereur ST 16 1 (2) 2000-2001
0%
193 Jesper Jørgensen CM 86 17 (14) 2010-2015
0%
138 Jhon Lucumí CB 105 3 (1) 2018-2023
0%
446 Jimmy Hempte LB 36 0 (0) 2002-2004
0%
1030 Jinty Caenepeel RW 1 0 (0) 2013-2014
0%
137 Joakim Maehle LB 105 3 (20) 2017-2021
0%
237 João Carlos CB 72 11 (2) 2008-2011
0%
642 Jochen Janssen ST 21 4 (1) 2000-2001
0%
335 Joel Ordóñez CB 53 1 (0) 2023-2025
0%
360 John Machethe CM 49 4 (11) 2000-2004
0%
392 Jonas De Roeck CB 43 1 (2) 2007-2009
0%
885 Jonathan Constancia AM 5 0 (0) 2003-2004
0%
314 Jonathan David ST 57 29 (12) 2018-2020
0%
522 Joos Valgaeren CB 30 0 (0) 2005-2008
0%
740 Jordan Botaka RW 13 0 (1) 2020-2021
0%
566 Jordan Remacle RW 26 2 (4) 2003-2004, 2005-2006, 2012-2013
0%
139 Jordan Torunarigha CB 104 4 (5) 2021-2025
0%
499 Jordi Figueras CB 32 1 (1) 2011-2013
0%
865 Jordi Vanlerberghe CB 6 0 (0) 2017-2018
0%
820 Jordy Croux RW 8 0 (0) 2011-2014
0%
903 Jorge López RW 5 0 (1) 2012-2013
0%
702 Joris Van Hout CB 16 2 (0) 2001-2002
0%
988 Jorn Vancamp ST 2 0 (0) 2016-2017
0%
461 Jorn Vermeulen RM 35 0 (1) 2006-2011
0%
660 José Duarte ST 19 0 (0) 2000-2003
0%
804 José Naranjo LW 9 2 (0) 2016-2018
0%
327 Joseph Aidoo CB 55 5 (0) 2017-2019
0%
86 Joseph Akpala ST 127 44 (13) 2008-2013
0%
250 Joseph Okumu CB 69 1 (1) 2021-2023
0%
496 Joshua Zirkzee ST 32 15 (8) 2021-2022
0%
158 Josip Skoko CM 100 7 (33) 2000-2003
0%
937 Josué Kongolo CB 4 0 (0) 2024-2025
0%
954 Jovica Trajcev DM 3 0 (0) 2005-2006
0%
152 Julien De Sart DM 101 12 (4) 2021-2024
0%
792 Julien Duranville LW 10 1 (0) 2022-2023
0%
135 Julien Gorius CM 105 21 (18) 2012-2016
0%
756 Júnior Díaz CB 12 0 (1) 2010-2011
0%
888 Junior Kabananga ST 5 1 (0) 2010-2011
0%
121 Junya Ito RW 113 24 (38) 2018-2023
0%
751 Jurgen Cavens ST 12 1 (1) 2003-2004
0%
846 Jürgen Colin CB 7 0 (0) 2001-2002
0%
130 Justice Wamfor DM 106 2 (6) 2001-2006
0%
957 Justin Lonwijk CM 3 0 (0) 2023-2024
0%
270 Kalidou Koulibaly CB 66 3 (4) 2012-2014
0%
297 Kalifa Coulibaly ST 61 14 (8) 2015-2018
0%
365 Kamal Sowah RW 48 2 (5) 2021-2023
0%
722 Kamil Piatkowski CB 15 0 (1) 2022-2023
0%
845 Karim Belhocine CB 7 0 (0) 2014-2015
0%
307 Kasper Dolberg ST 58 28 (4) 2023-2025
0%
598 Kasper Schmeichel GK 23 0 (0) 2023-2024
0%
738 Kaveh Rezaei ST 13 1 (1) 2018-2019
0%
830 Kehinde Fatai ST 8 1 (0) 2013-2014
0%
831 Keisuke Goto ST 8 2 (0) 2024-2025
0%
1067 Kelvin John ST 1 0 (0) 2021-2022
0%
705 Kemar Lawrence LB 16 1 (0) 2019-2021
0%
739 Kemar Roofe ST 13 6 (2) 2019-2020
0%
455 Kennedy Nwanganga CM 35 1 (1) 2010-2013
0%
679 Kenneth Van Goethem DM 18 0 (0) 2003-2007
0%
892 Kenneth Vermeer GK 5 0 (0) 2017-2018
0%
658 Ken Nkuba RB 20 0 (1) 2023-2025
0%
131 Kenny Saief LM 106 10 (11) 2014-2019
0%
226 Kevin De Bruyne AM 76 13 (19) 2008-2012
0%
1022 Kevin Nicolay LB 1 0 (0) 2000-2001
0%
293 Kevin Roelandts CM 62 3 (6) 2002-2007
0%
491 Kevin Vanbeuren RB 32 1 (3) 2000-2003
0%
69 Kevin Vandenbergh ST 141 64 (14) 2002-2007
0%
211 Khaleem Hyland DM 80 6 (4) 2011-2015
0%
656 Khalilou Fadiga LW 20 4 (5) 2000-2001, 2007-2008
0%
202 Ki-hyeon Seol RW 83 19 (14) 2001-2005
0%
793 Kim Ojo ST 10 1 (1) 2012-2014
0%
776 Knowledge Musona AM 10 1 (2) 2018-2019
0%
941 Koen Schockaert ST 3 2 (0) 2001-2003
0%
1058 Kristal Abazaj RW 1 0 (0) 2018-2019
0%
320 Kristian Arnstad CM 56 1 (3) 2020-2025
0%
262 Kristian Thorstvedt AM 67 9 (4) 2019-2022
0%
480 Kristoffer Olsson CM 33 0 (5) 2021-2023
0%
498 Kristof Van Hout GK 32 0 (0) 2012-2014
0%
440 Landry Dimata ST 37 15 (5) 2018-2019, 2020-2021
0%
225 Lasse Nielsen CB 76 1 (4) 2014-2017
0%
89 László Köteles GK 125 0 (0) 2009-2010, 2011-2016
0%
1069 Laurens Maldrie DF 1 0 (0) 2007-2008
0%
1024 Lazar Markovic RW 1 0 (0) 2017-2018
0%
58 Leander Dendoncker DM 150 7 (3) 2014-2017, 2024-2025
0%
834 Leandro González Pírez CB 7 0 (0) 2013-2014
0%
997 Leandro Grimi LB 2 0 (0) 2011-2012
0%
653 Leandro Pereira ST 20 0 (1) 2015-2016
0%
769 Leonardo Lopes CM 11 0 (0) 2024-2025
0%
354 Leon Bailey RW 50 9 (11) 2015-2017
0%
949 Leroy Labylle LB 3 0 (0) 2010-2011
0%
644 Lisandro Magallán CB 21 0 (1) 2021-2022
0%
187 Logan Bailly GK 87 0 (1) 2004-2005, 2006-2008, 2011-2012
0%
710 Louis Patris RB 16 1 (0) 2023-2025
0%
726 Louis Verstraete DM 15 2 (1) 2016-2017, 2019-2020
0%
333 Lovre Kalinic GK 53 0 (1) 2016-2019
0%
923 Luan Peres CB 4 0 (0) 2018-2019
0%
1072 Luca Monticelli CM 1 0 (0) 2023-2024
0%
291 Luca Oyen LW 62 3 (5) 2020-2025
0%
929 Lucas Deaux DM 4 0 (1) 2015-2016
0%
902 Lucas Stassin ST 5 0 (0) 2022-2023
0%
922 Ludovic Buysens CB 4 0 (0) 2004-2005
0%
385 Ludwig Augustinsson LB 44 2 (4) 2023-2025
0%
895 Luka Adzic LW 5 0 (0) 2019-2020
0%
618 Luka Milivojevic DM 23 0 (2) 2013-2015
0%
559 Lukas Marecek DM 27 0 (0) 2010-2012
0%
507 Lukas Nmecha ST 31 14 (3) 2020-2021
0%
947 Luwamo Garcia LW 3 0 (0) 2003-2004
0%
851 Lynnt Audoor DM 7 0 (0) 2022-2023
0%
338 Maamar Mamouni DM 52 3 (2) 2004-2006
0%
1074 Maarten Martens AM 1 0 (0) 2003-2004
0%
94 Maarten Vandevoordt GK 123 0 (0) 2019-2024
0%
468 Madjid Adjaoud CM 34 0 (0) 2002-2005
0%
964 Mads Kikkenborg GK 3 0 (0) 2024-2025
0%
934 Magnus Eriksson CM 4 0 (1) 2012-2013
0%
864 Mahmoud Trezeguet LW 6 0 (0) 2015-2017
0%
164 Majeed Ashimeru CM 97 8 (6) 2020-2025
0%
348 Malick Fofana LW 51 3 (8) 2022-2024
0%
741 Mamadou Diop ST 13 0 (1) 2004-2006
0%
304 Manasseh Ishiaku ST 58 12 (6) 2004-2007
0%
716 Marc-André Kruska CM 15 0 (1) 2008-2009
0%
844 Marcel Gecov CM 7 0 (1) 2012-2013
0%
101 Marc Hendrikx LM 120 15 (17) 2000-2004
0%
367 Marco Bizot GK 47 0 (0) 2014-2017
0%
371 Marco Ingrao LB 46 2 (6) 2000-2004
0%
512 Marcos Camozzato RB 31 0 (2) 2010-2012
0%
505 Marcus Ingvartsen ST 31 5 (0) 2017-2019
0%
412 Marek Spilar CB 42 0 (1) 2002-2006
0%
380 Mario Baric RB 45 0 (2) 2010-2012
0%
975 Marius Mitu CM 2 1 (0) 2005-2006
0%
166 Mark De Man CB 97 0 (2) 2002-2003, 2004-2008
0%
195 Mark McKenzie CB 85 2 (3) 2020-2025
0%
872 Marko Marin AM 6 0 (0) 2014-2015
0%
916 Marko Pjaca LW 4 1 (0) 2019-2020
0%
860 Marko Poletanovic DM 6 0 (0) 2014-2016
0%
168 Marko Suler CB 95 5 (2) 2007-2012
0%
362 Martin Kolar LB 49 2 (5) 2002-2004
0%
732 Martin Laamers RM 14 0 (1) 2000-2002
0%
375 Marvelous Nakamba DM 46 0 (1) 2017-2019
0%
122 Massimo Bruno RW 112 21 (18) 2012-2013, 2016-2018
0%
536 Massimo Moia LB 29 1 (2) 2007-2009
0%
1010 Matej Vydra ST 1 0 (0) 2011-2012
0%
1071 Mathéo Parmentier DM 1 0 (0) 2020-2021
0%
184 Mathieu Verschuère DM 88 1 (4) 2001-2002, 2003-2005
0%
764 Matías Fernández-Pardo ST 12 2 (0) 2022-2025
0%
454 Matías Galarza DM 36 1 (0) 2022-2024
0%
647 Matija Skarabot LB 21 0 (1) 2010-2013
0%
1064 Matisse Didden CB 1 0 (0) 2022-2023
0%
75 Matisse Samoise RM 136 10 (13) 2020-2025
0%
824 Mats Møller Dæhli CM 8 1 (0) 2019-2021
0%
523 Matte Smets CB 29 0 (0) 2024-2025
0%
918 Matthias Geldof LB 4 0 (0) 2004-2005
0%
589 Matt Miazga CB 24 0 (0) 2020-2021
0%
1050 Maurizio Aquino LW 1 0 (0) 2009-2010
0%
619 Max Dean ST 23 7 (2) 2024-2025
0%
689 Maxime Colin RB 17 1 (0) 2014-2016
0%
836 Maxime Dupé GK 7 0 (0) 2023-2024
0%
823 Max von Schlebrügge CB 8 1 (0) 2006-2008
0%
825 Mbaye Diagne ST 8 4 (0) 2019-2020
0%
436 Mbaye Leye ST 38 9 (2) 2008-2010
0%
151 Mbo Mpenza ST 102 23 (7) 2004-2008
0%
987 Mehmedalija Covic CB 2 0 (0) 2007-2008
0%
368 Melli CB 47 3 (1) 2011-2013
0%
1055 Melvin Fleur LB 1 0 (0) 2001-2002
0%
625 Michaël Heylen CB 22 0 (0) 2014-2017
0%
63 Michael Klukowski LB 145 0 (11) 2004-2011
0%
673 Michael Krmencik ST 18 3 (2) 2019-2021
0%
74 Michael Ngadeu CB 136 7 (3) 2019-2023
0%
581 Mido ST 25 11 (4) 2000-2001
0%
607 Mikael Lustig RB 23 0 (4) 2019-2020
0%
979 Mikel Agu DM 2 0 (0) 2015-2016
0%
515 Mike Origi ST 30 2 (3) 2000-2002
0%
774 Mike Penders GK 11 0 (0) 2024-2025
0%
326 Milad Mohammadi LB 55 2 (7) 2019-2021
0%
279 Milan Jovanovic LW 64 18 (21) 2011-2013
0%
429 Milan Lesnjak DF 39 0 (3) 2000-2003
0%
624 Miljan Mrdakovic ST 22 4 (1) 2003-2004
0%
223 Milos Maric CM 76 17 (10) 2007-2010
0%
68 Mirsad Beslija RM 141 16 (26) 2001-2006
0%
972 Mix Diskerud CM 2 0 (1) 2011-2012
0%
1062 Mohamed Bouchouari RB 1 0 (0) 2023-2024
0%
389 Mohamed Dahmane ST 44 5 (6) 2007-2011
0%
688 Mohamed Messoudi AM 17 0 (1) 2012-2013
0%
1028 Mohamed Sarr CB 1 0 (0) 2011-2012
0%
1020 Mohammed Barka RM 1 0 (0) 2000-2001
0%
488 Momodou Lamin Sonko LW 33 2 (3) 2023-2025
0%
1015 Monday Omo CF 1 0 (0) 2001-2002
0%
433 Morten Pedersen LB 38 1 (2) 2000-2003
0%
657 Moussa Koita ST 20 2 (2) 2009-2010
0%
210 Mujaid Sadick CB 80 3 (0) 2021-2025
0%
835 Mushaga Bakenga ST 7 1 (1) 2011-2012
0%
789 Mustapha Bundu RW 10 0 (0) 2020-2022
0%
623 Mustapha Oussalah LB 22 1 (6) 2003-2004, 2014-2015
0%
693 Nacer Chadli LW 17 8 (5) 2019-2020
0%
323 Nadson CB 55 1 (3) 2010-2013
0%
35 Nana Asare LB 186 3 (11) 2013-2020
0%
180 Nasredine Kraouche AM 89 15 (10) 2000-2004
0%
1014 Nathaniel Lagrou AM 1 0 (0) 2012-2013
0%
396 Nebojsa Pavlovic DM 43 6 (1) 2005-2008
0%
560 Neeskens Kebano LW 26 4 (4) 2015-2017
0%
1037 Nelson Azevedo-Janelas LW 1 0 (0) 2017-2018
0%
733 Nemanja Rnic CB 14 0 (1) 2008-2011
0%
874 Nemanja Tubic CB 6 0 (0) 2007-2008
0%
784 Nenad Mladenovic ST 10 0 (1) 2005-2006
0%
458 Nenad Stojanovic ST 35 12 (4) 2004-2006
0%
387 Nenad Vanic CB 44 11 (3) 2001-2003
0%
942 Nermin Zolotić CB 3 0 (0) 2014-2015
0%
849 Neto Borges LB 7 0 (1) 2018-2020
0%
511 Nicklas Pedersen ST 31 6 (3) 2013-2016
0%
372 Nicolae Stanciu AM 46 9 (8) 2016-2018
0%
563 Nicolás Castillo ST 26 9 (2) 2013-2015
0%
616 Nicolás Castro AM 23 0 (1) 2022-2023
0%
224 Nicolas Lombaerts CB 76 1 (1) 2004-2007
0%
356 Nicolás Pareja CB 50 1 (1) 2006-2008
0%
1049 Nicolas Raskin CM 1 0 (0) 2017-2018
0%
383 Niki Zimling DM 44 1 (2) 2011-2013
0%
470 Niklas Dorsch DM 34 3 (3) 2020-2021
0%
376 Nikolaos Karelis ST 46 20 (6) 2015-2018
0%
479 Nikola Storm LW 33 0 (1) 2013-2017
0%
402 Nilson Angulo LW 43 3 (3) 2022-2025
0%
571 Noah Adedeji-Sternberg LW 26 3 (3) 2023-2025
0%
1066 Noah De Ridder RM 1 0 (0) 2022-2023
0%
434 Noah Fadiga RB 38 5 (4) 2023-2025
0%
666 Noah Mbamba CM 19 0 (0) 2021-2023
0%
730 Noah Sadiki CM 15 0 (1) 2022-2023
0%
913 Noë Dussenne CB 4 0 (0) 2017-2018
0%
562 Nordin Jbari ST 26 5 (2) 2004-2005
0%
969 Nunzio Engwanda CB 3 0 (0) 2024-2025
0%
148 Núrio Fortuna LB 102 5 (6) 2020-2025
0%
306 Nzelo Lembi CB 58 6 (3) 2000-2002
0%
381 Odilon Kossounou CB 45 1 (2) 2019-2021
0%
887 Ofir Davidzada LB 5 0 (0) 2016-2017
0%
696 Ognjen Vranjes CB 17 0 (0) 2018-2019, 2020-2021
0%
212 Oleg Iachtchouk LW 80 16 (9) 2000-2001, 2003-2006
0%
259 Oleksandr Yakovenko LW 67 10 (3) 2006-2008, 2011-2013
0%
36 Olivier De Cock RB 185 5 (17) 2000-2007
0%
1053 Olivier Mukendi ST 1 0 (0) 2008-2009
0%
910 Olivier Van Impe GK 4 0 (0) 2001-2003
0%
273 Omar Colley CB 65 4 (0) 2016-2018
0%
299 Omri Gandelman AM 60 15 (10) 2023-2025
0%
284 Ondrej Mazuch CB 63 4 (0) 2009-2011
0%
915 Orlando ST 4 1 (0) 2009-2010
0%
302 Orlando Engelaar DM 59 12 (6) 2004-2007
0%
1073 Osama Hawsawi CB 1 0 (0) 2012-2013
0%
238 Óscar Duarte CB 72 4 (5) 2012-2016
0%
513 Osman Bukari RW 31 4 (5) 2020-2021
0%
890 Oswal Álvarez ST 5 1 (0) 2014-2015
0%
1060 Owen Otasowie DM 1 0 (0) 2022-2023
0%
857 Pablo Chavarría ST 6 1 (1) 2010-2011
0%
984 Paolino Bertaccini RW 2 0 (0) 2014-2015
0%
993 Paolo Sabak AM 2 0 (0) 2016-2017
0%
822 Patou Kabangu RW 8 2 (0) 2011-2012
0%
661 Patrice Noukeu CM 19 1 (2) 2006-2007
0%
420 Patrick Dimbala ST 40 5 (2) 2001-2004
0%
612 Patrick van Diemen DM 23 2 (2) 2000-2001
0%
40 Patrik Hrosovsky CM 175 16 (16) 2019-2025
0%
695 Pau Cendrós RB 17 0 (0) 2012-2014
0%
414 Paul Kpaka ST 41 6 (2) 2003-2005
0%
617 Paul Mukairu LW 23 2 (3) 2020-2021
0%
415 Paul Nardi GK 41 0 (0) 2022-2024
0%
431 Peter Zulj CM 38 0 (5) 2018-2021
0%
859 Petros Konnafis CB 6 0 (0) 2003-2004
0%
763 Petter Rudi CM 12 3 (0) 2006-2007
0%
1061 Philip Azango LW 1 0 (0) 2018-2019
0%
869 Philippe Buysens CB 6 0 (0) 2004-2005
0%
809 Philippe Sandler CB 9 0 (1) 2019-2020
0%
494 Philip Zinckernagel RW 32 6 (9) 2023-2024
0%
1003 Pierre Dwomoh CM 2 0 (0) 2020-2021
0%
64 Pieter Gerkens AM 145 14 (15) 2013-2015, 2017-2019, 2023-2025
0%
800 Rachid Tibari CM 9 0 (1) 2000-2002
0%
1018 Rafael Galhardo AM 1 0 (0) 2015-2016
0%
176 Rafinha CB 90 2 (4) 2011-2016
0%
295 Rami Gershon CB 61 1 (1) 2014-2017
0%
156 Randall Azofeifa DM 100 18 (17) 2006-2011
0%
819 Rangelo Janga ST 8 4 (2) 2017-2018
0%
928 Rasmus Carstensen RB 4 0 (1) 2022-2023
0%
497 Rémi Maréval LB 32 4 (3) 2011-2014
0%
905 Reynaldo ST 5 0 (0) 2009-2010, 2011-2013
0%
586 Ricardo van Rhijn RB 24 3 (3) 2016-2017
0%
880 Robert Beric ST 6 0 (0) 2017-2018
0%
886 Robert Mambo Mumba CM 5 0 (0) 2003-2004
0%
287 Roberto Rosales RB 63 5 (5) 2007-2010
0%
715 Rob Schoofs CM 15 1 (2) 2015-2017
0%
630 Rodgers Kola ST 22 2 (0) 2012-2014
0%
882 Rogério AM 5 0 (0) 2001-2002
0%
871 Roland Lamah LW 6 0 (1) 2006-2007
0%
867 Rolando CB 6 0 (0) 2014-2015
0%
197 Roman Bezus AM 85 12 (12) 2018-2022
0%
73 Roman Yaremchuk ST 137 50 (16) 2017-2020, 2022-2024
0%
996 Roy Meeus LB 2 0 (0) 2007-2009
0%
532 Roy Myrie CB 29 1 (0) 2008-2011
0%
878 Rubén Martínez GK 6 0 (0) 2016-2017
0%
991 Rubin Seigers CB 2 0 (0) 2018-2019
0%
930 Rune Van Den Bergh DM 4 0 (0) 2022-2023
0%
192 Ruslan Malinovskyi AM 86 17 (20) 2015-2019
0%
109 Ryan Donk CB 116 8 (12) 2009-2013
0%
712 Ryota Morioka AM 15 3 (3) 2017-2019
0%
79 Sacha Kljestan AM 132 18 (14) 2010-2015
0%
1041 Sami Allagui ST 1 0 (0) 2005-2006
0%
900 Samuel Armenteros ST 5 1 (1) 2012-2014
0%
1035 Samuel Bastien CM 1 0 (0) 2014-2015
0%
628 Samuel Edozie LW 22 3 (3) 2024-2025
0%
417 Samuel Gigot CB 41 2 (4) 2016-2018
0%
911 Samuel Jesus CB 4 0 (0) 2011-2012
0%
462 Samuel Kalu RW 35 9 (10) 2016-2018
0%
936 Samuel Kotto CB 4 0 (0) 2024-2025
0%
938 Samuel Wiart ST 3 0 (0) 2001-2002
0%
775 Samuel Yeboah ST 11 1 (0) 2009-2011
0%
43 Sandy Martens ST 172 38 (33) 2000-2007
0%
378 Sandy Walsh RB 45 0 (5) 2012-2017
0%
799 Sargis Adamyan ST 9 5 (0) 2021-2022
0%
655 Sebastiaan Bornauw CB 20 1 (2) 2018-2020
0%
1009 Sebastian Hermans RW 2 0 (0) 2003-2005
0%
692 Sebastiano Esposito CF 17 2 (0) 2022-2023
0%
614 Sébastien Bruzzese GK 23 0 (0) 2015-2016
0%
1002 Sebastien De Maio CB 2 0 (0) 2016-2017
0%
124 Sébastien Dewaest CB 109 8 (1) 2015-2020
0%
781 Sébastien Locigno RB 10 0 (0) 2013-2015
0%
373 Sébastien Pocognoli LB 46 1 (4) 2003-2004, 2005-2007
0%
960 Sébastien Siani DM 3 0 (0) 2005-2006
0%
982 Segun Atere MF 2 0 (0) 2003-2004
0%
447 Sekou Cissé ST 36 7 (3) 2013-2016
0%
943 Sem Franssen GK 3 0 (0) 2004-2005
0%
1059 Senne Lammens GK 1 0 (0) 2021-2022
0%
678 Sergej Milinković-Savić CM 18 3 (0) 2014-2015
0%
1042 Serge Tabekou LW 1 0 (0) 2015-2016
0%
460 Sergio Gómez LW 35 5 (12) 2021-2023
0%
411 Sergio Padt GK 42 0 (0) 2011-2014
0%
444 Sergiy Serebrennikov CM 37 1 (0) 2002-2006
0%
285 Serhat Akın RW 63 16 (7) 2005-2008
0%
175 Seyfo Soley DM 90 3 (3) 2002-2006
0%
1016 Shandre Campbell LW 1 0 (0) 2024-2025
0%
863 Shangyuan Wang DM 6 1 (0) 2013-2014
0%
549 Sherjill MacDonald ST 28 2 (1) 2001-2004
0%
1000 Shion Homma LM 2 0 (0) 2023-2024
0%
463 Shlomi Arbeitman ST 35 6 (0) 2010-2013
0%
990 Siebe Horemans RB 2 0 (0) 2016-2018
0%
724 Sieben Dewaele DM 15 0 (1) 2019-2020
0%
542 Sigurd Rosted CB 28 5 (0) 2017-2019
0%
807 Silvere Ganvoula ST 9 3 (0) 2017-2018
0%
783 Simen Juklerød LB 10 0 (0) 2021-2022
0%
346 Simon Deli CB 51 3 (1) 2019-2021
0%
958 Simon Diédhiou ST 3 0 (0) 2015-2016
0%
256 Sinan Bolat GK 68 0 (0) 2006-2007, 2015-2016, 2020-2022
0%
694 Sloan Privat ST 17 2 (0) 2013-2014
0%
254 Sofiane Hanni AM 68 18 (20) 2016-2018
0%
668 Souleymane Youla ST 18 2 (3) 2000-2001
0%
1065 Spencer Verbiest DM 1 0 (0) 2000-2001
0%
552 Stanislav Vlcek RW 27 10 (6) 2007-2009
0%
473 Stanley Nsoki CB 34 0 (0) 2021-2023
0%
85 Stefano Denswil CB 127 6 (3) 2014-2018, 2020-2021
0%
442 Stefano Okaka ST 37 15 (3) 2015-2016
0%
877 Stefan Scepovic ST 6 1 (0) 2010-2011
0%
539 Stefan Teelen LB 28 0 (2) 2000-2002
0%
917 Stef Peeters CM 4 0 (0) 2011-2012
0%
236 Stef Wils CB 72 8 (0) 2008-2011
0%
587 Stein Huysegems ST 24 3 (2) 2008-2011
0%
848 Stepan Kucera CB 7 0 (0) 2007-2008
0%
574 Stéphane Badji DM 25 0 (0) 2015-2017
0%
240 Stephen Laybutt LB 71 1 (1) 2004-2007
0%
762 Stephen Odey ST 12 1 (0) 2019-2020
0%
424 Steve Cooreman RM 39 3 (3) 2004-2006
0%
1048 Steve De Ridder CM 1 0 (0) 2006-2007
0%
336 Steven Joseph-Monrose ST 53 5 (6) 2012-2015
0%
404 Steven Ribus LM 42 10 (3) 2002-2005
0%
379 Stijn De Smet AM 45 8 (7) 2009-2010, 2012-2013
0%
46 Stijn Stijnen GK 171 0 (0) 2002-2003, 2004-2011
0%
482 Sulayman Marreh DM 33 1 (1) 2019-2023
0%
671 Sunday Oliseh DM 18 0 (4) 2005-2006
0%
1013 Sven Dhoest GK 1 0 (0) 2011-2012
0%
1019 Sven Van Der Jeugt GK 1 0 (0) 2000-2001
0%
708 Sven Verdonck CB 16 0 (0) 2005-2008
0%
843 Tahith Chong AM 7 0 (3) 2020-2021
0%
707 Taiwo Awoniyi ST 16 0 (0) 2018-2019
0%
595 Takayuki Suzuki ST 23 0 (3) 2002-2003
0%
725 Tarek El Said LW 15 1 (2) 2001-2002
0%
855 Tarik Kharif LM 7 0 (0) 2000-2001
0%
189 Tarik Tissoudali ST 87 38 (16) 2020-2024
0%
727 Theo Janssen CM 15 2 (4) 2003-2004
0%
808 Thibault De Smet LB 9 1 (0) 2016-2017, 2018-2019
0%
555 Thibault Vlietinck RB 27 1 (3) 2016-2020
0%
477 Thibaut Van Acker CM 33 0 (0) 2010-2013
0%
1047 Thierry Lutonda LB 1 0 (0) 2019-2020
0%
26 Thomas Chatelle RW 205 19 (26) 2000-2011
0%
736 Thomas Delaney CM 14 1 (1) 2023-2024
0%
1029 Thomas De Meyer AM 1 0 (0) 2002-2003
0%
406 Thomas Didillon-Hödl GK 42 0 (0) 2018-2020
0%
289 Thomas Kaminski GK 63 0 (0) 2012-2014, 2018-2021
0%
448 Thomas Matton AM 36 5 (3) 2015-2018
0%
1046 Thomas Meeuwssen FW 1 0 (0) 2000-2001
0%
591 Tiago Araújo LB 24 0 (2) 2024-2025
0%
369 Tiago Silva LB 47 0 (1) 2007-2010
0%
766 Tibe De Vlieger AM 11 0 (0) 2023-2025
0%
998 Tibo Persyn RB 2 1 (0) 2021-2022
0%
651 Tim Kleindienst ST 20 2 (1) 2020-2021
0%
576 Tim Matthys RM 25 5 (2) 2004-2005
0%
600 Timon Wellenreuther GK 23 0 (0) 2020-2021
0%
248 Timothy Castagne RB 69 2 (3) 2014-2017
0%
806 Timothy Derijck CB 9 0 (0) 2018-2019
0%
833 Timothy Durwael RB 7 0 (0) 2009-2012
0%
53 Tim Smolders CM 160 21 (18) 2000-2001, 2002-2003, 2008-2012
0%
648 Tino-Sven Susic CM 20 1 (0) 2016-2017
0%
179 Tjörven De Brul CB 89 11 (3) 2000-2005
0%
767 Tomás Pina CM 11 1 (0) 2016-2017
0%
445 Tomas Vasov CB 36 2 (1) 2000-2003
0%
974 Tom Boere ST 2 0 (0) 2011-2012
0%
752 Tom De Mul RM 12 4 (5) 2008-2009
0%
274 Tom Høgli RB 65 1 (2) 2011-2014
0%
243 Tomislav Mikulic CB 70 5 (1) 2004-2008
0%
153 Tom Soetaers LW 101 19 (24) 2004-2009
0%
961 Tom Vandenberghe GK 3 0 (0) 2024-2025
0%
370 Torben Joneleit CB 47 7 (0) 2009-2012
0%
492 Tornike Okriashvili AM 32 1 (0) 2014-2016
0%
584 Tristan Peersman GK 25 0 (0) 2003-2005
0%
252 Tsuyoshi Watanabe CB 69 5 (4) 2023-2025
0%
405 Tuur Dierckx RW 42 5 (2) 2013-2016
0%
1068 Tuur Rommens LB 1 0 (0) 2021-2022
0%
315 Uros Spajic CB 56 2 (3) 2016-2018
0%
976 Uros Vitas CB 2 0 (0) 2014-2016
0%
959 Vakoun Bayo ST 3 0 (0) 2021-2022
0%
931 Valeriy Sorokin RM 4 0 (0) 2008-2009
0%
514 Valery Nahayo CB 31 0 (0) 2011-2014
0%
904 Víctor Barberá ST 5 0 (0) 2023-2024
0%
606 Víctor Bernárdez CB 23 2 (2) 2008-2011
0%
329 Victor Simões ST 53 10 (8) 2003-2006
0%
940 Vincent Euvrard CB 3 0 (1) 2002-2003
0%
1034 Vincent Provoost DM 1 0 (0) 2005-2006
0%
456 Waldemar Sobota RW 35 3 (5) 2013-2015
0%
449 Wallace LB 36 2 (6) 2010-2013
0%
29 Walter Baseggio CM 197 33 (25) 2000-2008
0%
332 Wesley Hoedt CB 53 1 (1) 2021-2023
0%
339 Wilfred Ndidi DM 52 3 (1) 2014-2017
0%
537 Wilfried Dalmat RW 29 3 (3) 2010-2011
0%
377 Wilfried Delbroek CB 45 0 (0) 2000-2003
0%
951 William Troost-Ekong CB 3 0 (0) 2016-2017
0%
160 Wim De Decker DM 99 1 (5) 2002-2003, 2006-2009
0%
1043 Wouter Corstjens CB 1 0 (0) 2005-2006
0%
1063 Wouter George CM 1 0 (0) 2020-2021
0%
107 Wouter Vrancken DM 117 19 (11) 2004-2009
0%
854 Yannick Bolasie LW 7 4 (1) 2018-2019
0%
665 Yannick Thoelen GK 19 0 (0) 2016-2019
0%
1070 Yasin Karaca LM 1 0 (0) 2001-2002
0%
108 Yassine El Ghanassy LW 117 15 (18) 2008-2011, 2013-2014
0%
178 Yaya Soumahoro LW 89 12 (14) 2010-2016
0%
667 Yevgen Makarenko DM 19 0 (2) 2018-2019
0%
603 Yngvar Håkonsen LB 23 0 (0) 2004-2006
0%
588 Yonas Malede ST 24 0 (0) 2020-2022
0%
568 Yoni Buyens DM 26 4 (1) 2015-2016
0%
80 Youri Tielemans CM 131 22 (18) 2013-2017
0%
547 Youssouph Badji ST 28 4 (1) 2020-2021
0%
374 Yuya Kubo AM 46 12 (2) 2016-2020
0%
1052 Yves Lenaerts GK 1 0 (0) 2008-2009
0%
773 Zaid Romero CB 11 0 (0) 2024-2025
0%
554 Zakaria Bakkali LW 27 4 (2) 2018-2021
0%
912 Zakaria M'Sila CM 4 0 (0) 2010-2012
0%
1005 Zalán Vancsa LW 2 0 (0) 2024-2025
0%
627 Zanka CB 22 0 (2) 2024-2025
0%
525 Zézéto RW 29 4 (5) 2003-2004
0%
853 Zié Diabaté LB 7 0 (2) 2013-2014
0%
687 Ziguy Badibanga RW 17 0 (1) 2010-2012
0%
674 Zinho Gano ST 18 1 (2) 2018-2019
0%
136 Zlatan Ljubijankic ST 105 24 (23) 2007-2012
0%
985 Zlatko Runje GK 2 0 (0) 2004-2005
0%
634 Zoko ST 21 5 (3) 2005-2006
0%
594 Zoran Ban ST 23 6 (1) 2000-2001
0%
978 Zoran Savic GK 2 0 (0) 2000-2001
0%
622 Zvonko Milojevic GK 22 0 (0) 2000-2001
0%
No matching quizzes found
Score Distribution
Percent of People with Each Score
Percentile by Number Answered
Your Score History
You have not taken this quiz